000 00696nam a22002055i 4500
001 165997
003 ES-MaACL
005 20251015063149.0
008 050914s1873 fr | |||||||| ||fre d
040 _aCAM
_bspa
_cCAM
100 1 _aTaine, Hippolyte,
_d1828-1893
_9109085
245 1 0 _aHistoire de la littérature angalise /
_cpar H. Taine.
250 _a3e éd. rev. et augm.
260 _aParis :
_bLibririe Hachette et Cie.,
_c1873 (
_fTypographie Lahure)
300 _a5 v. (XLIX, 412; 523; 426; 483; 480 p. ) ;
_c18 cm.
700 1 _aLahure,
_eimp.
_9128598
710 2 1 _aHachette,
_eed.
_9134431
852 _aES-MaACL
_jD-4894-4898
_z-- Enc. hol.
999 _c165997
_d165997